000 00654nam a2200241Ia 4500
003 OSt
005 20220918183633.0
006 a|||||r|||| 00| 0
007 ta
008 220917b |||||||| |||| 00| 0 eng d
024 _a39,361
037 _cTextual
040 _aARTS
_cARTS
_beng
041 _2eng
_aeng
082 _aO15x, M5.1 (P15)
100 _aRam G M
_963234
245 0 _aBible of Hinduism
_b a gospel of social reconstruction
260 _aNew Delhi
_bAllied Pub
_c1985
300 _axx,532p.
_ccm.
650 _aENGLISH LITERATURE
942 _hO15x, M5.1 (P15)
_cTEXL
_2CC
999 _c173279
_d173279